| 000 | 01287nam a2200337Ia 4500 | ||
|---|---|---|---|
| 001 | 20822788 | ||
| 003 | OCoLC | ||
| 005 | 20170221154117.0 | ||
| 008 | 891227s1989 caua j 000 1 eng d | ||
| 020 |
_a0878796673 : _c$4.95 _q(pbk.) |
||
| 040 |
_aPNX _cPNX _dDMP |
||
| 041 | 0 | _aengspa | |
| 092 |
_aJ _b468, Wri |
||
| 100 | 1 | _aWright, Bob. | |
| 245 | 1 | 0 |
_aTomás y Ricardo El robo de la moneda de oro = _bTom and Ricky The gold coin robbery / _cBob Wright ; [cover design and illustrations, Herb Heidinger]. |
| 246 | 3 | _aGold coin robbery. | |
| 246 | 3 | _aRobo de la monedo de oro. | |
| 260 |
_aNovato, Calif. : _bHigh Noon Books, _cc1989. |
||
| 300 |
_a44, 44 p. : _bill. ; _c18 cm. |
||
| 490 | 1 | _aTom and Ricky mystery series. | |
| 490 | 1 | _aMisterio de Tomás y Ricardo. | |
| 500 | _aEnglish and Spanish. | ||
| 500 | _aCover title: El robo de la moneda de oro = The gold coin robbery. | ||
| 520 | _aEddie, best friend of Tom and Ricky, finds a valuable gold coin in his coat after he bumped into a big, fat man. | ||
| 655 | 0 | _aSpanish language materials. | |
| 655 | 7 |
_aDetective and mystery fiction. _2lcgft. |
|
| 700 | 1 | _aHeidinger, Herb. | |
| 800 | 1 |
_aWright, Bob. _tTom and Ricky mystery series. |
|
| 800 | 1 |
_aWright, Bob. _tMisterio de Tomás y Ricardo. |
|
| 942 | _cBK | ||
| 999 |
_c16527 _d16527 |
||